000 00754nam a2200229Ia 4500
005 20250508164647.0
008 008 250505s9999 xx 000 0 eng d
020 _a0-7069-9056-0
037 _aTextual
040 _aFEDL
_beng
_cFEDL
041 _aeng
_2eng
084 _a371.2, NAT
_qFEDL
100 _aSinha Anil
_9522180
245 0 _aEducational administration in Himachal Pradesh: Structures, processes and future prospects
245 0 _cNATIONAL INSTITUTE OF EDUCATIONAL PLANNING AND ADMINISTRATION
260 _aNew Delhi, India
_bVikas Publishing house Pvt Ltd
_c1997
300 _axxii,183p.
365 _aINR
_b260
700 _a Tyagi R S Thakur R S
_9778775
942 _cTEXL
_h371.2, NAT
999 _c1390410
_d1390410